Essentials of public health management. (Record no. 136378)

MARC details
000 -LEADER
fixed length control field 00373nam a2200145Ia 4500
008 - FIXED-LENGTH DATA ELEMENTS--GENERAL INFORMATION
fixed length control field 230917s9999||||xx |||||||||||||| ||und||
040 ## - CATALOGING SOURCE
-- 112005
Original cataloging agency VIVEKANANDA LIBRARY
041 ## - Language
-- English
082 ## - DDC NUMBER
Classification number 362.1068 E74E
100 ## - MAIN ENTRY--PERSONAL NAME
Personal name Fallon,L Fleming
245 #0 - TITLE STATEMENT
Title Essentials of public health management.
260 ## - PUBLICATION, DISTRIBUTION, ETC. (IMPRINT)
Place of publication, distribution, etc Boston
Name of publisher, distributor, etc Jones and Bartlett
Date of publication, distribution, etc 2005
300 ## - PHYSICAL DESCRIPTION
Pages 524 p.
942 ## - ADDED ENTRY ELEMENTS (KOHA)
Koha item type Books
Holdings
Withdrawn status Lost status Damaged status Not for loan Location (home branch) Sublocation or collection (holding branch) Date acquired Koha issues (times borrowed) Koha full call number Accession No. Koha date last seen Koha item type
        VIVEKANANDA LIBRARY VIVEKANANDA LIBRARY 16/11/2006 1 362.1068 E74E 237284 19/01/2024 Books
        VIVEKANANDA LIBRARY VIVEKANANDA LIBRARY 16/11/2006   362.1068 E74E 325836 17/09/2023 Books
© Designed and Maintained by Vivekananda Library, MDU Rohtak